[Event "Halifax Maritime op"]
[Site "Halifax"]
[Date "2012.10.08"]
[Round "5"]
[White "McKearney, Ed"]
[Black "McKim, Fred"]
[Result "1-0"]
[WhiteElo "1717"]
[BlackElo "1965"]
[PlyCount "103"]
[EventDate "2012.10.06"]
[EventType "swiss"]
[EventRounds "6"]
[EventCountry "CAN"]
[SourceTitle "EXT 2022"]
[Source "ChessBase"]
[SourceDate "2021.10.06"]
[SourceVersion "1"]
[SourceVersionDate "2021.10.06"]
[SourceQuality "1"]

1. d4 Nf6 2. Bf4 d6 3. h3 c6 4. Nd2 g6 5. Ngf3 Bg7 6. e3 0-0 7. Bd3 Nbd7 8. 0-0 Nh5 9. Bh2 Re8 10. e4 e5 11. dxe5 Nxe5 12. Be2 Nxf3+ 13. Bxf3 Qg5 14. Bxh5 gxh5 15. f4 Qc5+ 16. Kh1 Bxb2 17. Rb1 Bc3 18. Rf3 Bxd2 19. Rg3+ Kh8 20. Bg1 Qc4 21. Qxd2 c5 22. Qxd6 Qe6 23. Qxc5 f6 24. Bd4 Rg8 25. Qc3 Rxg3 26. Bxf6+ Rg7 27. Bxg7+ Kg8 28. Bf6 Kf7 29. e5 b6 30. Rd1 Bd7 31. Qc7 Ke8 32. Rd6 Qf5 33. Qc4 Kf8 34. Bg5 Rc8 35. Rf6+ Qxf6 36. Qxc8+ Bxc8 37. Bxf6 Bf5 38. c3 Kf7 39. h4 Ke6 40. Kg1 Kd5 41. Kf2 Ke4 42. g3 Be6 43. a3 Kd3 44. Be7 Kxc3 45. Ke3 a5 46. Ke4 b5 47. f5 Ba2 48. e6 b4 49. axb4 axb4 50. Bxb4+ Kxb4 51. Ke5 Kc5 52. f6 1-0